00777nac a22002057a 4500001001000000003000900010005001700019008003400036040005400070072000800124100002200132110009900154245009600253260003600349300001000385490011600395650001300511650002200524650002500546BR8002598BR-BrBNA20240105114656.0230509b bl.|||m| |||| 00| 0 por d aBR-BrBNAbporcBiblioteca Nacional de Agricultura aA501 aAlves, E.R. de A.1 aEmpresa Brasileira de Pesquisa Agropecuaria, Brasilia, DF. Depto. de Informacao e Documentacao1 aA EMBRAPA e a pesquisa agropecuaria no Brasil [Empresa Brasileira de Pesquisa Agropecuaria]3 aBrasilia, DF (Brasil): c1980.  a19 p. aDocumentos - Empresa Brasileira de Pesquisa Agropecuaria. Depto. de Informacao e Documentacao (Brazil)vno. 2x aPesquisa aPolitica agricola aInstituicao agricola